[Event "SME Open"]
[Site "Ostrava CZE"]
[Date "2005.05.02"]
[Round "3"]
[White "Kozak,Mi"]
[Black "Sekac,M"]
[Result "1/2-1/2"]
[WhiteElo "2257"]
[BlackElo "2124"]

1.d4 Nf6 2.c4 e6 3.Nf3 b6 4.a3 Bb7 5.Nc3 d5 6.Bg5 Be7 7.Qa4+ Bc6 8.Qb3 O-O
9.Bxf6 Bxf6 10.cxd5 exd5 11.e3 Bb7 12.Rd1 c6 13.Bd3 Ba6 14.Bxa6 Nxa6 15.O-O Nc7
16.Rd2 Qd7 17.Rc1 Rfc8 18.Na2 Ne6 19.Nb4 a5 20.Nd3 Qb7 21.a4 Rc7 22.Nfe5 Rac8  1/2-1/2

[Event "Open A"]
[Site "Djakovo CRO"]
[Date "2005.05.05"]
[Round "7"]
[White "Kozul,Z"]
[Black "Azarov,S"]
[Result "1/2-1/2"]
[WhiteElo "2591"]
[BlackElo "2572"]

1.d4 Nf6 2.c4 e6 3.Nf3 b6 4.a3 Bb7 5.Nc3 d5 6.cxd5 Nxd5 7.Qc2 Nxc3 8.bxc3 Be7
9.e4 O-O 10.Bd3 c5 11.e5 h6 12.O-O cxd4 13.cxd4 Qd5 14.Re1 Nc6 15.Re4 Rfc8
16.Qe2 Na5 17.Bxh6 gxh6 18.Qe3 Kf8 19.Qxh6+ Ke8 20.Rf4 Kd7 21.Rxf7 Rf8 22.Rxe7+ Kxe7
23.Qg5+ Ke8 24.Rc1 Rc8 25.Qg6+ Kd8 26.Qg5+ Ke8 27.Qg6+ Kd8  1/2-1/2

[Event "ch-FRA National 1"]
[Site "Lille FRA"]
[Date "2005.05.05"]
[Round "8"]
[White "Svetushkin,D"]
[Black "Komarov,D"]
[Result "1-0"]
[WhiteElo "2530"]
[BlackElo "2531"]

1.d4 Nf6 2.c4 e6 3.Nf3 b6 4.a3 Bb7 5.Nc3 d5 6.cxd5 Nxd5 7.Qc2 Nxc3 8.bxc3 Be7
9.e4 O-O 10.Bd3 c5 11.O-O Qc8 12.e5 g6 13.Qe2 Rd8 14.Be3 Ba6 15.Rfd1 cxd4
16.cxd4 Nc6  1-0

[Event "10th Open"]
[Site "Stuttgart GER"]
[Date "2005.05.05"]
[Round "1"]
[White "Ivanov,MM"]
[Black "Kaplunov,V"]
[Result "1-0"]
[WhiteElo "2418"]
[BlackElo "2063"]

1.Nf3 Nf6 2.c4 e6 3.d4 b6 4.a3 Bb7 5.Nc3 Be7 6.d5 O-O 7.e4 d6 8.h3 Re8 9.Be3 Bf8
10.Bd3 Nbd7 11.b4 a5 12.O-O g6 13.Nd4 Ne5 14.Be2 Bg7 15.Qd2 Ned7 16.Nc6 Qc8
17.Qc2 axb4 18.axb4 Nf8 19.Bf3 N8d7 20.Rxa8 Bxa8 21.Qa4 Bxc6 22.dxc6 Nf8
23.Nb5 h6 24.Qa7 e5 25.Qxc7 Qxc7 26.Nxc7 Rb8 27.Nd5 b5 28.c7  1-0

[Event "ch-FRA Top 16 Poule Haute"]
[Site "Port Barcares FRA"]
[Date "2005.05.06"]
[Round "10"]
[White "Tkachiev,V"]
[Black "Roser,K"]
[Result "1-0"]
[WhiteElo "2605"]
[BlackElo "2355"]

1.Nf3 Nf6 2.c4 b6 3.d4 e6 4.a3 Bb7 5.Nc3 d5 6.cxd5 Nxd5 7.Qc2 Nxc3 8.bxc3 c5
9.e4 Nd7 10.Bd3 Qc7 11.Qb1 g6 12.O-O Bg7 13.Re1 O-O 14.a4 e5 15.d5 c4 16.Bf1 Ba6
17.Be3 Rfe8 18.Nd2 Bf8 19.Qa2 Rac8 20.g3 Bd6 21.Rab1 Kg7 22.Rb2 Rf8 23.Rb4 Bxb4
24.cxb4 b5 25.Nb1 Nb6 26.axb5 Bxb5 27.Nc3 a6 28.Qd2 Rfd8 29.Ra1 Rb8 30.f4 f6
31.fxe5 fxe5 32.Bh6+ Kg8 33.Qf2 Nd7 34.Bh3 Rf8 35.Be6+ Kh8 36.Nxb5 axb5 37.Ra7 Qd6
38.Rxd7 Qxd7 39.Bxf8 Qd8 40.Bd6  1-0

[Event "10th Open"]
[Site "Stuttgart GER"]
[Date "2005.05.06"]
[Round "3"]
[White "Braun,P"]
[Black "Bogner,S"]
[Result "1-0"]
[WhiteElo "2221"]
[BlackElo "2409"]

1.d4 Nf6 2.c4 e6 3.Nf3 b6 4.a3 Bb7 5.Nc3 d5 6.cxd5 Nxd5 7.Qc2 c5 8.e4 Nxc3
9.bxc3 Nd7 10.Bd3 cxd4 11.cxd4 Qc8 12.Qb1 Ba6 13.O-O Bxd3 14.Qxd3 Bd6 15.Bb2 O-O
16.Rad1 Rd8 17.Qe2 Qb7 18.Rfe1 b5 19.e5 Bf8 20.d5 exd5 21.e6 Re8 22.exf7+ Kxf7
23.Ng5+ Kg6 24.Qd3+ Kxg5 25.h4+ Kxh4 26.Qxh7+ Kg5 27.f4+ Kxf4 28.Rf1+ Kg4
29.Qf5+  1-0

[Event "ch-LTU"]
[Site "Siauliai LTU"]
[Date "2005.05.08"]
[Round "3"]
[White "Cmilyte,V"]
[Black "Zagorskis,D"]
[Result "1-0"]
[WhiteElo "2459"]
[BlackElo "2482"]

1.d4 Nf6 2.c4 e6 3.Nf3 b6 4.a3 Ba6 5.Qc2 c5 6.d5 exd5 7.cxd5 g6 8.Nc3 d6
9.g3 Bg7 10.Bg2 O-O 11.O-O Re8 12.Rd1 Nbd7 13.Bf4 Qe7 14.Qa4 Bb7 15.Nb5 Ne4
16.Nd2 Nxd2 17.Nxd6 Bxb2 18.Ra2 b5 19.Qxb5 Qxe2 20.Qxe2 Rxe2 21.Nxb7 Nc4
22.Bf1 Rae8 23.Bxe2 Rxe2 24.Bc1  1-0

[Event "ch-LTU"]
[Site "Siauliai LTU"]
[Date "2005.05.11"]
[Round "7"]
[White "Cmilyte,V"]
[Black "Novikov,Vi"]
[Result "1/2-1/2"]
[WhiteElo "2459"]
[BlackElo "2338"]

1.d4 e6 2.c4 Nf6 3.Nf3 b6 4.a3 Bb7 5.Nc3 d5 6.cxd5 Nxd5 7.Bd2 Be7 8.Qc2 O-O
9.e4 Nxc3 10.Bxc3 c5 11.dxc5 bxc5 12.Rd1 Qb6 13.Ne5 Qc7 14.Bd3 Bf6 15.Nc4 Bxc3+
16.Qxc3 Nc6 17.e5 Ba6 18.Nd6 Bxd3 19.Rxd3 Qa5 20.Nc4 Qxc3+ 21.bxc3 Rab8 22.Kd2 f6
23.exf6 Rxf6 24.f3 Rf4 25.Rd6 Rxc4 26.Rxc6 Rb3 27.Rc1 Rxa3 28.Rxe6 Ra2+ 29.Rc2 Rca4
30.g4 Rxc2+ 31.Kxc2 Ra2+ 32.Kd3 Rxh2 33.Re5 a5 34.Rxc5 a4 35.Ra5 Rf2 36.Ke4 Rc2
37.Kd4 Rf2 38.Ke4  1/2-1/2

[Event "Torch Real Estate Cup"]
[Site "Wuxi CHN"]
[Date "2005.05.11"]
[Round "10"]
[White "Wu Wenjin"]
[Black "Li Shilong"]
[Result "1-0"]
[WhiteElo "2535"]
[BlackElo "2515"]

1.d4 Nf6 2.Nf3 e6 3.c4 b6 4.a3 Bb7 5.Nc3 d5 6.Qa4+ Qd7 7.Qxd7+ Nbxd7 8.Nb5 Bd6
9.Nd2 Ke7 10.cxd5 Bxd5 11.f3 a6 12.Nxd6 cxd6 13.e4 Bb7 14.g4 Rhc8 15.Rg1 a5
16.a4 d5 17.g5 Nh5 18.b3 f6 19.Ba3+ Kf7 20.gxf6 Ndxf6 21.e5 Ne8 22.Kf2 Rc2
23.Ke1 Ba6 24.Bxa6 Rxa6 25.Ke2 Ra8 26.Rgc1 Rac8 27.Rxc2 Rxc2 28.Kd3 Rc6 29.Nb1 g6
30.Nc3 Nf4+ 31.Kd2 Ng7 32.Nb5 Nf5 33.Bd6 Nxd6 34.Nxd6+ Ke7 35.Rb1 Nh3 36.f4 Nf2
37.Rg1 Kd7 38.Rg2 Ne4+ 39.Nxe4 dxe4 40.Rg3 Rc8 41.Rh3 e3+ 42.Kd3 h5 43.Rxe3 Ke7
44.Re1 Kf7 45.h4 Kg7 46.Rb1 Rf8 47.Ke4 Rc8 48.d5 exd5+ 49.Kxd5 Kf7 50.b4 Ke7
51.Rg1 Rd8+ 52.Ke4 Kf7 53.bxa5 bxa5 54.Rb1 Rc8 55.Rb7+ Kf8 56.Rd7 Re8 57.Kd5  1-0

[Event "Capablanca Mem Premier 2"]
[Site "Havana CUB"]
[Date "2005.05.15"]
[Round "9"]
[White "Estremera Panos,S"]
[Black "Quezada,Y"]
[Result "1/2-1/2"]
[WhiteElo "2385"]
[BlackElo "2502"]

1.d4 Nf6 2.c4 e6 3.Nf3 b6 4.a3 Bb7 5.Nc3 d5 6.cxd5 Nxd5 7.Qc2 Nxc3 8.bxc3 Be7
9.e4 O-O 10.Bd3 c5 11.O-O Qc8 12.Qe2 Ba6 13.Rd1 Bxd3 14.Rxd3 Nd7 15.h4 Rd8
16.Bg5 Bxg5 17.hxg5 cxd4 18.cxd4 Qc4 19.Rad1 Rac8 20.Qe3 Qa4 21.Qf4 Rf8 22.Rc1 Rc4
23.Rdc3 Rfc8 24.Rxc4 Rxc4 25.Rxc4 Qxc4  1/2-1/2

[Event "Capablanca Mem Premier 2"]
[Site "Havana CUB"]
[Date "2005.05.15"]
[Round "9"]
[White "Almeida,O"]
[Black "Gongora,M"]
[Result "1/2-1/2"]
[WhiteElo "2452"]
[BlackElo "2454"]

1.d4 Nf6 2.Nf3 e6 3.c4 b6 4.a3 Bb7 5.Nc3 d5 6.Bg5 Be7 7.Qa4+ Qd7 8.Qc2 dxc4
9.e3 Bxf3 10.gxf3 b5 11.a4 c6 12.Bxf6 Bxf6 13.f4 a6 14.Bg2 Ra7 15.O-O O-O
16.Rfd1 g6 17.b3 cxb3 18.Qxb3 Rd8 19.Ne4 Be7 20.Rdc1 Rb7 21.Ra2 Rc8 22.Rac2 Rbc7
23.Bf3 Qd8 24.Nc5 Bxc5 25.Rxc5 Qd6 26.Qb4 Nd7 27.Rxb5 cxb5 28.Qxd6 Rxc1+
29.Kg2 Nf6 30.Qxa6 bxa4 31.Qxa4 Rb1 32.e4 Rd8 33.Qa5 Rbb8 34.h4 h6 35.Qe5 Nd7
36.Qd6 Nf8 37.Qe5 Rb4 38.d5 exd5 39.exd5 Rb6 40.f5 gxf5 41.Qxf5 Nh7 42.Be4 Nf6
43.f3 Rbd6 44.Qf4 Kg7 45.Qg3+ Kf8 46.Qf4 Kg7 47.Qg3+  1/2-1/2

[Event "TCh-SCG w"]
[Site "Herceg Novi SCG"]
[Date "2005.05.15"]
[Round "1"]
[White "Kizova,S"]
[Black "Rakic,Ma"]
[Result "1/2-1/2"]
[WhiteElo "2121"]
[BlackElo "2047"]

1.d4 Nf6 2.Nf3 e6 3.c4 b6 4.a3 Ba6 5.Qb3 Bb7 6.Nc3 Be7 7.d5 c6 8.dxe6 dxe6
9.Bf4 Nh5 10.Rd1 Nd7 11.Bg3 Nxg3 12.hxg3 Qc7 13.e3 O-O-O 14.Qc2 h6  1/2-1/2

[Event "48th TCh-SCG"]
[Site "Herceg Novi SCG"]
[Date "2005.05.15"]
[Round "1"]
[White "Stamenkovic,A"]
[Black "Savic,Miod1"]
[Result "0-1"]
[WhiteElo "2272"]
[BlackElo "2521"]

1.d4 Nf6 2.c4 e6 3.Nf3 b6 4.a3 Bb7 5.Nc3 d5 6.cxd5 exd5 7.g3 a6 8.Bg2 Bd6
9.O-O Nbd7 10.Qb3 Qe7 11.Rd1 O-O 12.Bg5 h6 13.Bxf6 Nxf6 14.Nh4 Qe6 15.Qc2 Rfe8
16.Nf5 Bf8 17.e3 g6 18.Nh4 Ne4 19.Nf3 Rac8 20.Rac1 Bg7 21.Qb3 c5 22.Na4 c4
23.Qxb6 Bc6 24.Nc3 Rb8 25.Qa5 Nxf2 26.Rd2 Nd3 27.Rf1 Rxb2 28.Rxb2 Nxb2 29.e4 dxe4
30.Ne5 Bxe5 31.dxe5 Qxe5 32.Qxe5 Rxe5 33.Rf6 Re6 34.Rxe6 fxe6 35.Kf2 e3+  0-1

[Event "Capablanca Mem Premier 1"]
[Site "Havana CUB"]
[Date "2005.05.17"]
[Round "11"]
[White "Soppe,G"]
[Black "Gonzalez,Y"]
[Result "1/2-1/2"]
[WhiteElo "2453"]
[BlackElo "2482"]

1.d4 Nf6 2.Nf3 e6 3.c4 b6 4.a3 Ba6 5.Qc2 Bb7 6.Nc3 c5 7.dxc5 bxc5 8.Bf4 Be7
9.Rd1 O-O 10.e3 d5 11.Be2 Nbd7 12.O-O Qb6 13.Rd2 Rfd8 14.Rfd1 Rac8 15.Ne5 Nxe5
16.Bxe5 dxc4 17.Bxc4  1/2-1/2

[Event "Chigorin CC"]
[Site "St Petersburg RUS"]
[Date "2005.05.17"]
[Round "2"]
[White "Kopasov,E"]
[Black "Zakharov,Y"]
[Result "1-0"]
[WhiteElo "2120"]
[BlackElo "2020"]

1.d4 Nf6 2.c4 e6 3.Nf3 b6 4.a3 Bb7 5.Nc3 Be7 6.d5 exd5 7.cxd5 O-O 8.g3 d6
9.Bg2 Nbd7 10.O-O a5 11.b3 Nc5 12.Bb2 Qd7 13.Nd4 Rfe8 14.Qc2 Bf8 15.b4 Na6
16.Qb3 h6 17.Rac1 Nh7 18.Rc2 g6 19.bxa5 Nc5 20.Qb5 Rxa5 21.Qxd7 Nxd7 22.Ncb5 Nc5
23.Nxc7 Rc8 24.Ncb5 Na4 25.Rxc8 Bxc8 26.Ba1 Bd7 27.Rb1 Nc5 28.Nc6 Ra4 29.Rb4 Ra8
30.Bb2 Ra4 31.Nc7 Rxb4 32.axb4 Na4 33.Bd4 f5 34.Na8 b5 35.Nc7 Kf7 36.Nxb5 Nf6
37.Kf1 g5 38.Ke1 Ne8 39.Kd2 Bg7 40.Bxg7 Kxg7 41.Kd3 Nb6 42.Kd4 Nc8 43.Nc3 Nb6
44.f3 Kf7 45.e4 Kf6 46.e5+ dxe5+ 47.Nxe5 Bc8 48.f4 gxf4 49.gxf4 Nd7 50.Nxd7+ Bxd7
51.Kc5 Ke7 52.Nb5 Nf6 53.d6+ Kd8 54.Nd4 Kc8 55.Bc6 Ne4+ 56.Kd5 Nc3+ 57.Ke5 Bxc6
58.Nxc6 Kd7 59.Nb8+ Kd8 60.Kxf5 Nd5 61.b5 Kc8 62.Nc6 Kd7 63.Ke5 Nb6 64.Nb8+ Kd8
65.Ke6  1-0

[Event "ch-UKR sf"]
[Site "Alushta UKR"]
[Date "2005.05.19"]
[Round "4"]
[White "Iljin,T"]
[Black "Borsuk,K"]
[Result "1-0"]
[WhiteElo "2354"]
[BlackElo "2207"]

1.d4 Nf6 2.c4 e6 3.Nf3 b6 4.a3 Bb7 5.Nc3 d5 6.cxd5 exd5 7.g3 Nbd7 8.Bg2 a6
9.Bf4 Nh5 10.Bd2 Bd6 11.Nh4 Ndf6 12.Nf5 O-O 13.O-O g6 14.Nxd6 Qxd6 15.Bh6 Rfe8
16.e3 Ne4 17.Rc1 Qd7 18.g4 Nhf6 19.f3 Nd6 20.Qe1 c5 21.Qh4 Qe6 22.dxc5 Nc4
23.c6 Bxc6 24.Ne2 Bb5 25.Nd4 Qd6 26.a4 Bd7 27.Bg5 Kg7 28.b3 Ne5 29.Rcd1 Ng8
30.e4 h6 31.Be3 Qe7 32.g5 hxg5 33.Bxg5 f6 34.Bc1 dxe4 35.fxe4 Bg4 36.Rd2 Rad8
37.h3 Bc8 38.Bb2 g5 39.Qf2 Nh6 40.Rfd1 Nhf7 41.Nf5+ Bxf5 42.exf5 Qb4 43.Bd5 Rc8
44.Qd4 Qc5 45.Qxc5 Rxc5 46.Kg2 Rd8 47.Be6 Rxd2+ 48.Rxd2 b5 49.Bd4 Rc6 50.a5 Rd6
51.Be3 Rxd2+ 52.Bxd2 Nd6 53.Be3 Nb7 54.b4 Nc6 55.Bd5 Ncd8 56.Bc5 Nxc5 57.bxc5 b4
58.c6 Nxc6 59.Bxc6 b3 60.Kf3 b2 61.Be4 Kh6 62.Kg4 Kg7 63.Bb1  1-0

[Event "Capablanca Mem Mixto"]
[Site "Havana CUB"]
[Date "2005.05.19"]
[Round "11"]
[White "Ramon,V"]
[Black "Mascaro March,P"]
[Result "0-1"]
[WhiteElo "2198"]
[BlackElo "2389"]

1.d4 Nf6 2.c4 e6 3.Nf3 b6 4.a3 Ba6 5.e3 d5 6.b3 Be7 7.Bd3 O-O 8.Nbd2 Nbd7
9.Bb2 c5 10.O-O Rc8 11.Qe2 cxd4 12.exd4 Bd6 13.Ne5 Nb8 14.Rfd1 Bb7 15.Rac1 Qe7
16.b4 dxc4 17.Ndxc4 Nbd7 18.Nxd6 Qxd6 19.Bb1 Rfd8 20.Rxc8 Rxc8 21.f3 Nf8
22.Kh1 Nd5 23.Qd2 Qd8 24.g3 f6 25.Ng4 Nc3 26.Bxc3 Bxf3+ 27.Kg1 Bxd1 28.Ne3 Bf3
29.Kf2 Bb7 30.Ba2 Kh8 31.h4 Qc7 32.Bb2 Qc6 33.d5 exd5 34.Bd4 Qe6 35.Bb1 Qh3
36.Bf5 Qh2+ 37.Ng2 Re8 38.Qc3 Ba6 39.Bg4 Qh1 40.Ne3 Rxe3  0-1

[Event "48th TCh-SCG"]
[Site "Herceg Novi SCG"]
[Date "2005.05.19"]
[Round "5"]
[White "Stamenkovic,A"]
[Black "Bodiroga,P"]
[Result "0-1"]
[WhiteElo "2272"]
[BlackElo "2418"]

1.d4 Nf6 2.c4 e6 3.Nf3 b6 4.a3 Ba6 5.Qc2 Bb7 6.Nc3 c5 7.e4 cxd4 8.Nxd4 Bc5
9.Nb3 Nc6 10.Bg5 Nd4 11.Nxd4 Bxd4 12.O-O-O Bxc3 13.Qxc3 Nxe4 14.Bxd8 Nxc3
15.Rd3 Na2+ 16.Kb1 Rxd8 17.Kxa2 Ke7 18.f4 d5 19.Rg3 dxc4 20.Bxc4 Rd4 21.Bb3 g6
22.Rc1 Rhd8 23.Rc7+ R8d7 24.Rxd7+ Kxd7 25.f5 gxf5 26.Rg7 Ke7 27.g3 h5 28.Kb1 h4
29.Kc1 hxg3 30.hxg3 Rg4 31.Rxg4 fxg4 32.Kd2 f5 33.Ke3 e5 34.Bc4 Kf6 35.Bb5 Kg5
36.Bd7 f4+ 37.Kf2 Bf3 38.Be6 e4  0-1

[Event "Chigorin CC"]
[Site "St Petersburg RUS"]
[Date "2005.05.20"]
[Round "5"]
[White "Gubochkin,V"]
[Black "Zakharov,Y"]
[Result "1-0"]
[WhiteElo "2076"]
[BlackElo "2020"]

1.d4 Nf6 2.c4 e6 3.Nf3 b6 4.a3 d5 5.cxd5 exd5 6.Nc3 Be7 7.Bg5 O-O 8.h3 Bb7
9.e3 Nbd7 10.Bd3 c5 11.O-O Ne4 12.Bf4 Nxc3 13.bxc3 Nf6 14.a4 Ne4 15.Qe1 Re8
16.Ne5 Bg5 17.Bh2 Rc8 18.Bb5 Re7 19.Ra3 a6 20.Be2 g6 21.f4 Bh6 22.Qh4 Bg7
23.f5 Re8 24.Qxd8 Rcxd8 25.fxg6 fxg6 26.Rb1 Bxe5 27.Bxe5 Re6 28.c4 Nd2 29.Rc1 Nxc4
30.Bxc4 dxc4 31.Rxc4 Bd5 32.Rc1 Rc8 33.g4 c4 34.g5 Be4 35.Kh2 Rec6 36.Kg3 c3
37.Kf4 Bf5 38.h4 c2 39.e4 Bd7 40.Rb3 Rc3 41.Rxb6 Bxa4 42.Rxa6 Bb5 43.Ra7 Be2
44.Bf6 Re8 45.e5 Bb5 46.Rg7+ Kf8 47.Rxh7 Bc6 48.h5 Rf3+ 49.Kg4 gxh5+ 50.Rxh5 Rc3
51.Kf5 Rf3+ 52.Kg4 Rc3 53.d5 Bxd5 54.Rh8+ Bg8 55.g6 Rc6 56.Rch1  1-0

[Event "62nd ch-GEO w"]
[Site "Tblisi GEO"]
[Date "2005.05.20"]
[Round "13"]
[White "Lomineishvili,M"]
[Black "Melia,S"]
[Result "0-1"]
[WhiteElo "2396"]
[BlackElo "2333"]

1.d4 Nf6 2.c4 e6 3.Nf3 b6 4.a3 Ba6 5.e3 c5 6.Bd3 cxd4 7.exd4 Be7 8.O-O d5
9.b3 Nc6 10.Bb2 O-O 11.Nbd2 Rc8 12.Rc1 dxc4 13.bxc4 Bb7 14.Qe2 Re8 15.Rfd1 Qd6
16.Nf1 Qf4 17.Ng3 Rcd8 18.Rb1 Ba6 19.Bc1 Qc7 20.Bb2 Qf4 21.Rbc1 Bb7 22.h3 Na5
23.Nd2 Bf8 24.Re1 Bc6 25.Rcd1 g6 26.Bc2 Bd6 27.Ndf1 Bf8 28.Bc1 Qc7 29.h4 Bb7
30.Ne3 Bd6 31.Ngf1 e5 32.d5 Ba6 33.Nd2 Rc8 34.Qf3 Kg7 35.h5 Nxh5 36.Nf5+ Kh8
37.Nxd6 Qxd6 38.Ne4 Qf8 39.Ba4 Red8 40.Bg5 Nxc4 41.Bxd8 Rxd8 42.Ng5 Kg8 43.Bb3 h6
44.Bxc4 Bxc4 45.Ne4 Rxd5 46.Rxd5 Bxd5 47.Nf6+ Nxf6 48.Qxf6 Be6 49.Rd1 Qg7
50.Qd8+ Kh7 51.Qe7 a5 52.Qb7 a4 53.Qxb6 Bb3 54.Re1 Qf8 55.Ra1 Qe7 56.Qe3 Qd6
57.Qc3 Qd4 58.Qc1 h5 59.Rb1 h4 60.Qg5 Qe4 61.Ra1 Bd5 62.Rc1 f6 63.Rc7+ Kg8
64.Rc8+ Kf7 65.Rc7+ Ke6  0-1

[Event "VII Open"]
[Site "Salou ESP"]
[Date "2005.05.21"]
[Round "2"]
[White "Mirzoev,A"]
[Black "Spraggett,K"]
[Result "1-0"]
[WhiteElo "2545"]
[BlackElo "2585"]

1.d4 Nf6 2.Nf3 e6 3.c4 b6 4.a3 Bb7 5.Nc3 d5 6.Qa4+ c6 7.Bg5 Be7 8.cxd5 Nxd5
9.Bxe7 Qxe7 10.Rc1 O-O 11.e3 c5 12.dxc5 bxc5 13.Be2 Nd7 14.O-O Rfc8 15.Rfd1 a5
16.Nd2 N7b6 17.Qc2 c4 18.Nde4 Nxc3 19.Nxc3 Bc6 20.Rd4 e5 21.Rd2 g6 22.Qd1 Rab8
23.Bf3 Be8 24.g3 Kg7 25.h4 h5 26.Bg2 Rd8 27.Rxd8 Rxd8 28.Qc2 Qc5 29.Rd1 Rxd1+
30.Qxd1 Bc6 31.Bxc6 Qxc6 32.Qd8 a4 33.Qe7 Qf6 34.Qc7 Qe6 35.Ne4 Qd5 36.Nd6 Na8
37.Qe7 Qd1+ 38.Kg2 Qd5+ 39.e4  1-0

[Event "13th Guillermo Garcia mem Prem II"]
[Site "Santa Clara CUB"]
[Date "2005.05.21"]
[Round "1"]
[White "Kallio,H"]
[Black "Fernando,D"]
[Result "0-1"]
[WhiteElo "2469"]
[BlackElo "2438"]

1.d4 Nf6 2.c4 e6 3.Nf3 b6 4.a3 Bb7 5.Nc3 d5 6.cxd5 Nxd5 7.Bd2 Be7 8.e3 O-O
9.Bd3 Nd7 10.Qc2 h6 11.e4 Nxc3 12.Bxc3 c5 13.Rd1 cxd4 14.Nxd4 Nc5 15.O-O Nxd3
16.Qxd3 Bc5 17.Qe2 Qh4 18.Rfe1 Rfd8 19.Nf3 Qh5 20.Bb4 Rac8 21.h3 Bxb4 22.axb4 a5
23.bxa5 Qxa5 24.Rxd8+ Rxd8 25.Qe3 Qb4 26.b3 f6 27.Kh2 Kh7 28.h4 f5 29.Ne5 Bxe4
30.Rc1 Qd2 31.Qxd2 Rxd2 32.f3 Bd5 33.h5 Re2 34.Ng6 Bxf3 35.Kg3 Bd5 36.Nf4 Rb2
37.Rc8 Rxb3+ 38.Kf2 Ra3 39.Rb8 Ra5 40.g3 e5 41.Ng6 Ra8 42.Rxb6 Re8 43.Rb5 Bf7
44.Nxe5 Bxh5 45.Ke3 Bg4 46.Kf4 g5+ 47.Ke3 Re7 48.Kd4 h5 49.Kd5 h4 50.gxh4 gxh4
51.Kd6 Rg7 52.Ke6 h3 53.Rb2 Kh6 54.Kf6 Ra7 55.Nc4 Ra6+ 56.Ke5 Kg5 57.Ne3 Ra4
58.Nf1 Re4+ 59.Kd5 Re2 60.Rb1 h2 61.Ng3 Rg2  0-1

[Event "XXXV Bosnia GM"]
[Site "Sarajevo BIH"]
[Date "2005.05.21"]
[Round "3"]
[White "Kozul,Z"]
[Black "Eljanov,P"]
[Result "0-1"]
[WhiteElo "2591"]
[BlackElo "2641"]

1.d4 Nf6 2.c4 e6 3.Nf3 b6 4.a3 Ba6 5.e3 d5 6.Nbd2 Be7 7.Be2 O-O 8.cxd5 Bxe2
9.Qxe2 exd5 10.O-O Re8 11.Rd1 Bd6 12.b4 Nbd7 13.Bb2 a6 14.b5 axb5 15.Qxb5 Ra5
16.Qb3 Qe7 17.a4 Ne4 18.h3 Ndf6 19.Ne5 Qe6 20.Nxe4 Nxe4 21.f3 Ng3 22.Re1 Nf5
23.Rac1 Rea8 24.e4 dxe4 25.Nc4 Rxa4 26.fxe4 Nh4 27.Re2 Bf4 28.d5 Qe7 29.Rcc2 Ra1+
30.Bxa1 Rxa1+ 31.Kf2 Qf6 32.Ne3 Bh2+ 33.Nf5 Nxf5 34.exf5 Qxf5+ 35.Qf3 Bg1+
36.Kg3 Qg5+  0-1

[Event "13th Guillermo Garcia mem Prem II"]
[Site "Santa Clara CUB"]
[Date "2005.05.22"]
[Round "2"]
[White "Almeida,O"]
[Black "Colovic,A"]
[Result "1-0"]
[WhiteElo "2452"]
[BlackElo "2418"]

1.d4 Nf6 2.c4 e6 3.Nf3 b6 4.a3 Ba6 5.Qc2 Bb7 6.Nc3 c5 7.e4 cxd4 8.Nxd4 Bc5
9.Nb3 Nc6 10.Bg5 h6 11.Bh4 Nd4 12.Nxd4 Bxd4 13.Bd3 Qb8 14.Ne2 Be5 15.O-O-O Nh5
16.Kb1 Nf4 17.Nxf4 Bxf4 18.c5 O-O 19.Bb5 bxc5 20.Bxd7 Be5 21.Rhe1 Bc8 22.Bg3 Bxd7
23.Rxd7 Qb5 24.Rd2 Bd4 25.Bd6 Rfc8 26.e5 Rc6 27.Rc1 Rac8 28.Qc4 Qb7 29.Rdc2 Kh7
30.Ka2 Rb6 31.b4 Rxd6 32.exd6 e5 33.bxc5 Rb8 34.Rd1 Qc6 35.Rb1 Rxb1 36.Kxb1 Qxg2
37.c6 Qg1+ 38.Ka2 Qa1+ 39.Kb3 Qb1+ 40.Ka4 Bb6 41.c7  1-0

[Event "ch-UKR w"]
[Site "Alushta UKR"]
[Date "2005.05.23"]
[Round "8"]
[White "Ushenina,A"]
[Black "Gutsko,A"]
[Result "1-0"]
[WhiteElo "2350"]
[BlackElo "2222"]

1.d4 Nf6 2.c4 e6 3.Nf3 b6 4.a3 Bb7 5.Nc3 d5 6.cxd5 Nxd5 7.Bd2 Nd7 8.Nxd5 Bxd5
9.Qc2 Bb7 10.e4 c5 11.d5 exd5 12.exd5 Be7 13.O-O-O Qc7 14.Bb5 O-O-O 15.Qf5 a6
16.Bc6 f6 17.Bf4 Bd6 18.Bxd6 Qxd6 19.Rhe1 Rhe8 20.Re6 Qc7 21.Bxb7+ Kxb7 22.Rc6 Qb8
23.d6 g6 24.Qd5 a5 25.Rc8+  1-0

[Event "Summer"]
[Site "Alushta UKR"]
[Date "2005.05.27"]
[Round "3"]
[White "Sharma,D"]
[Black "Belikov,V"]
[Result "1/2-1/2"]
[WhiteElo "2381"]
[BlackElo "2517"]

1.d4 Nf6 2.Nf3 e6 3.c4 b6 4.a3 Bb7 5.Nc3 d5 6.cxd5 Nxd5 7.Bd2 Be7 8.Qc2 Nd7
9.e4 Nxc3 10.Bxc3 O-O 11.Rd1 Qc8 12.Bc4 Ba6 13.Qe2 Bxc4 14.Qxc4 c6 15.O-O a5
16.Rfe1 Re8 17.h3  1/2-1/2

[Event "14th CRO-Cup"]
[Site "Sibenik CRO"]
[Date "2005.05.30"]
[Round "1"]
[White "Kozul,Z"]
[Black "Juric,G"]
[Result "1-0"]
[WhiteElo "2591"]
[BlackElo "2312"]

1.d4 Nf6 2.c4 e6 3.Nf3 b6 4.a3 Bb7 5.Nc3 d5 6.cxd5 Nxd5 7.Qc2 Nd7 8.Nxd5 exd5
9.Bg5 f6 10.Bf4 Bd6 11.Bg3 Qe7 12.e3 c5 13.Qa4 O-O 14.Ba6 Bxa6 15.Qxa6 Nb8
16.Qd3 Bxg3 17.hxg3 Qe4 18.Qb5 Qe8 19.Qxe8 Rxe8 20.dxc5 bxc5 21.O-O-O d4
22.exd4 Nd7 23.Rhe1 Rxe1 24.Rxe1 cxd4 25.Nxd4 Ne5 26.Re2 Rc8+ 27.Kb1 Rd8
28.Nf5 g6 29.Ne3 Kf7 30.Rc2 Rd7 31.b4 h5 32.Kb2 g5 33.Kb3 a6 34.Ka4 Rd6 35.Rc7+ Kg6
36.Ka5 Nc6+ 37.Kb6 Ne5+ 38.Kb7 Nf7 39.Ka7 Nd8 40.Rg7+  1-0

[Event "14th CRO-Cup"]
[Site "Sibenik CRO"]
[Date "2005.06.01"]
[Round "4"]
[White "Jankovic,A"]
[Black "Juric,G"]
[Result "1-0"]
[WhiteElo "2480"]
[BlackElo "2312"]

1.d4 Nf6 2.c4 e6 3.Nf3 b6 4.a3 Bb7 5.Nc3 d5 6.cxd5 Nxd5 7.Qc2 Nxc3 8.bxc3 c5
9.e4 Qc7 10.Bb5+ Bc6 11.Bd3 Nd7 12.O-O Rc8 13.Qe2 Be7 14.Re1 cxd4 15.cxd4 e5
16.Bb2 O-O 17.Nxe5 Nxe5 18.dxe5 Bc5 19.Bc4 Rce8 20.Bd5 Re6 21.Kh1 Rh6 22.f4 Qd8
23.Qf3 Qh4 24.h3 Rg6 25.g4 h5 26.g5 Bd7 27.Kg2 Bxh3+ 28.Qxh3 Qxf4 29.Kh1 Qf2
30.Qh2 Qf3+ 31.Qg2 Qf4 32.Rf1 Qh4+ 33.Qh2 Qxg5 34.Rf5 Qe3 35.Raf1 Kh7 36.Bc1 Qd3
37.Rxh5+ Rh6 38.Rxh6+ gxh6 39.Qxh6+ Kg8 40.Qg5+ Kh7 41.Qh5+ Kg8 42.Rf6 Be3
43.Rg6+  1-0

[Event "14th CRO-Cup"]
[Site "Sibenik CRO"]
[Date "2005.06.02"]
[Round "5"]
[White "Rezan,S"]
[Black "Truta,S"]
[Result "1-0"]
[WhiteElo "2424"]
[BlackElo "2250"]

1.d4 Nf6 2.Nf3 e6 3.c4 b6 4.a3 Ba6 5.e3 c6 6.Nbd2 d5 7.b4 Be7 8.Bb2 O-O 9.Rc1 Bb7
10.Bd3 a5 11.b5 c5 12.O-O Nbd7 13.Qe2 Ne4 14.cxd5 exd5 15.dxc5 bxc5 16.Bxe4 dxe4
17.Ne5 Nxe5 18.Bxe5 Bd6 19.Bxd6 Qxd6 20.Nb3 c4 21.Qxc4 Qxa3 22.Ra1 Qb4 23.Nxa5 Qxc4
24.Nxc4 Rab8 25.Nd6 Bd5 26.Rfd1 Bb3 27.Rdb1 Rfd8 28.Nf5 Bd5 29.Nd4 Rd6 30.Rc1 g6
31.Rc5 Rb7 32.g4 f6 33.Kg2 Be6 34.Ra6 Rbb6 35.Rxb6 Rxb6 36.Rc6 Rxc6 37.Nxc6  1-0

[Event "14th CRO-Cup"]
[Site "Sibenik CRO"]
[Date "2005.06.03"]
[Round "7"]
[White "Bilobrk,F"]
[Black "Lalic,B"]
[Result "1/2-1/2"]
[WhiteElo "2403"]
[BlackElo "2503"]

1.d4 Nf6 2.c4 e6 3.Nf3 b6 4.a3 Ba6 5.e3 d5 6.b3 Bd6 7.Bd3 c5 8.Bb2 cxd4 9.exd4 O-O
10.Nbd2 Nbd7 11.O-O Rc8  1/2-1/2

[Event "FSGM June"]
[Site "Budapest HUN"]
[Date "2005.06.05"]
[Round "2"]
[White "Farago,I"]
[Black "Sachdev,T"]
[Result "1/2-1/2"]
[WhiteElo "2476"]
[BlackElo "2343"]

1.d4 Nf6 2.c4 e6 3.Nf3 b6 4.a3 Bb7 5.Nc3 d5 6.cxd5 Nxd5 7.Bd2 Be7 8.Qc2 Nxc3
9.Bxc3 O-O 10.e4 c5 11.dxc5 bxc5 12.Rd1 Qc8 13.Bc4 Ba6 14.Qb3 Bxc4 15.Qxc4 Nd7
16.O-O Nb6 17.Qe2 Qb7 18.Ne5 Rfd8 19.Qg4 Bf8 20.b3 Nd7 21.Qh4 f6 22.Nxd7 Rxd7
23.Qg4 Kf7 24.Qh5+ Kg8 25.Qg4 Kf7 26.Qh5+  1/2-1/2

[Event "TCh-BIH Prem"]
[Site "Neum BIH"]
[Date "2005.06.06"]
[Round "3"]
[White "Bilobrk,F"]
[Black "Markus,R"]
[Result "1-0"]
[WhiteElo "2403"]
[BlackElo "2584"]

1.d4 Nf6 2.c4 e6 3.Nf3 b6 4.a3 Ba6 5.Qc2 Bb7 6.Nc3 c5 7.e4 cxd4 8.Nxd4 Nc6
9.Nxc6 Bxc6 10.Qe2 d6 11.g3 Be7 12.Bg2 O-O 13.O-O Nd7 14.Rd1 Qb8 15.Bf4 Rc8
16.Rac1 Bf8 17.h4 a6 18.Na2 Ba4 19.Rd3 Ra7 20.b3 Bc6 21.Nb4 Ba8 22.Qd1 a5
23.Na2 Nc5 24.Bxd6 Bxd6 25.Rxd6 Bxe4 26.Bxe4 Nxe4 27.Rd4 Nc5 28.Nc3 e5 29.Rd5 Re7
30.b4 axb4 31.axb4 Na6 32.Rb1 Nc7 33.Rd7 Rxd7 34.Qxd7 Ne6 35.Nd5 Rxc4 36.Ra1 Nf8
37.Ne7+ Kh8 38.Qd5 Qe8 39.Qxc4 Qxe7 40.Ra8 Kg8 41.Rc8 g6 42.Rc7 Qe8 43.Qd5 e4
44.Rc3 Nd7 45.Qd4 Qa8 46.Rc7 Nf8 47.Qc3 Qd5 48.Rc8 Qd6 49.b5 h5 50.Kg2 Qd7
51.Kg1 Qd6 52.Ra8 Kh7 53.Kg2 Kg8 54.Qa3 Qxa3 55.Rxa3 Nd7 56.Ra8+ Kg7 57.Rd8 Nc5
58.Rc8 Na4 59.Rc4 Nb2 60.Rxe4 Kf6 61.Kf3 Nd3 62.Ke3 Nc5 63.Re8 Kf5 64.Kd4 Ne6+
65.Kc4  1-0

[Event "TCh-BIH Prem"]
[Site "Neum BIH"]
[Date "2005.06.08"]
[Round "5"]
[White "Jankovic,A"]
[Black "Atalik,S"]
[Result "1/2-1/2"]
[WhiteElo "2480"]
[BlackElo "2561"]

1.d4 Nf6 2.c4 e6 3.Nf3 b6 4.a3 Bb7 5.Nc3 d5 6.cxd5 Nxd5 7.Qc2 Nxc3 8.bxc3 c5
9.e4 Nd7 10.Bf4 cxd4 11.cxd4 Rc8 12.Qb1 Be7 13.Bd3 O-O 14.O-O Nf6 15.Bd2 h6
16.a4 Nh7 17.a5 Ng5 18.Nxg5 Bxg5 19.Bxg5 hxg5 20.axb6 Qxb6 21.Qxb6 axb6 22.Rab1 Rc6
23.e5 Rc3 24.Be2 Rc2 25.Rfe1 Rfc8 26.Kf1 Rd2 27.Rxb6 Be4 28.f3 Bg6 29.Rd1 Ra2
30.Rb3 Rcc2 31.Re3  1/2-1/2